Problem - oriented policing: a cooperative approach in Mount Pleasant, Vancouver (Record no. 23849)

000 -LEADER
fixed length control field 00391pab a2200133 454500
008 - FIXED-LENGTH DATA ELEMENTS--GENERAL INFORMATION
fixed length control field 180718b xxu||||| |||| 00| 0 eng d
100 ## - MAIN ENTRY--PERSONAL NAME
Personal name Rossmo, Kim
245 ## - TITLE STATEMENT
Title Problem - oriented policing: a cooperative approach in Mount Pleasant, Vancouver
650 ## - SUBJECT ADDED ENTRY--TOPICAL TERM
Topical term or geographic name entry element Policing
650 ## - SUBJECT ADDED ENTRY--TOPICAL TERM
Topical term or geographic name entry element Police - Canada
700 ## - ADDED ENTRY--PERSONAL NAME
Personal name Fisher, Doug
773 ## - HOST ITEM ENTRY
Main entry heading Royal Canadian Mounted Police Gazette
909 ## -
-- 23849
Holdings
Withdrawn status Lost status Damaged status Not for loan Permanent Location Current Location Date acquired Serial Enumeration / chronology Barcode Date last seen Price effective from Koha item type
        Indian Institute of Public Administration Indian Institute of Public Administration 2018-07-19 Issue no: 55(1) 93, p.1-9 AR23918 2018-07-19 2018-07-19 Articles

Powered by Koha